[Event "Fujairah Masters 2012"]
[Site "Fujairah City UAE"]
[Date "2012.11.14"]
[Round "2.12"]
[White "Debashis, Das"]
[Black "Moiseenko, Alexander"]
[Result "0-1"]
[WhiteTitle "IM"]
[BlackTitle "GM"]
[WhiteElo "2451"]
[BlackElo "2702"]
[WhiteFideId "5024854"]
[BlackFideId "14102560"]
[EventDate "2012.11.13"]

1. d4 Nf6 2. c4 e6 3. Nc3 Bb4 4. Qc2 d5 5. a3 Bxc3+ 6. Qxc3 c5 7. dxc5 d4 8. Qg3
Nc6 9. Nf3 e5 10. Nxe5 Qa5+ 11. Kd1 Ne4 12. Qf4 Nxf2+ 13. Qxf2 Nxe5 14. Qxd4 f6
15. Kc2 O-O 16. Bd2 Qc7 17. e4 Be6 18. Bc3 b6 19. cxb6 axb6 20. b3 Rfd8 21. Qe3
b5 22. cxb5 Rac8 23. b6 Qc6 24. Ba6 Ng4 25. Qf3 Bxb3+ 26. Kxb3 Qxb6+ 27. Bb4
Qxa6 28. Rad1 Ne5 29. Qg3 0-1

[Event "Fujairah Masters 2012"]
[Site "Fujairah City UAE"]
[Date "2012.11.14"]
[Round "2.14"]
[White "Petrosian, Tigran L."]
[Black "Vishnu Prasanna, V"]
[Result "1-0"]
[WhiteTitle "GM"]
[BlackTitle "IM"]
[WhiteElo "2659"]
[BlackElo "2463"]
[WhiteFideId "13301616"]
[BlackFideId "5030692"]
[EventDate "2012.11.13"]

1. b3 e5 2. Bb2 Nc6 3. e3 Nf6 4. Bb5 Bd6 5. Na3 a6 6. Be2 Na5 7. c4 O-O 8. Nc2
Nc6 9. g4 b5 10. g5 Ne4 11. h4 Bb7 12. Bf3 f5 13. d3 Nc5 14. Bd5+ Kh8 15. d4
exd4 16. exd4 Re8+ 17. Kf1 Ne4 18. c5 Bf8 19. Ne2 d6 20. Nf4 g6 21. Bxc6 1-0

[Event "Fujairah Masters 2012"]
[Site "Fujairah City UAE"]
[Date "2012.11.14"]
[Round "2.15"]
[White "Mchedlishvili, Mikheil"]
[Black "Chulivska, Vita"]
[Result "1-0"]
[WhiteTitle "GM"]
[BlackTitle "WGM"]
[WhiteElo "2639"]
[BlackElo "2248"]
[WhiteFideId "13600966"]
[BlackFideId "14108917"]
[EventDate "2012.11.13"]

1. d4 Nf6 2. c4 e6 3. g3 d5 4. Nf3 Be7 5. Bg2 O-O 6. O-O c6 7. Qc2 Nbd7 8. Nbd2
b6 9. e4 Bb7 10. e5 Ne8 11. cxd5 cxd5 12. Re1 Rc8 13. Qa4 Bc6 14. Qd1 a5 15. h4
Bb5 16. Nb1 Nb8 17. Ng5 h6 18. Nh3 Nc6 19. Nf4 Ba6 20. Be3 b5 21. Nc3 Qb6 22.
Rc1 Qa7 23. Qg4 Kh8 24. Ncxd5 exd5 25. Nxd5 Bd8 26. Qf5 Nxd4 27. Bxd4 Qxd4 28.
Rxc8 Bxc8 29. Qxc8 Nc7 30. Nxc7 Qc5 31. Qf5 Bxc7 32. h5 g6 33. Qf6+ Kh7 34. e6
fxe6 35. hxg6+ Kg8 36. Qxe6+ Kh8 37. Qe7 Qxf2+ 38. Kh1 Qg1+ 1-0

[Event "Fujairah Masters 2012"]
[Site "Fujairah City UAE"]
[Date "2012.11.14"]
[Round "2.16"]
[White "Zeng, Chongsheng"]
[Black "Parligras, Mircea-Emilian"]
[Result "0-1"]
[WhiteTitle "IM"]
[BlackTitle "GM"]
[WhiteElo "2474"]
[BlackElo "2635"]
[WhiteFideId "8603847"]
[BlackFideId "1204297"]
[EventDate "2012.11.13"]

1. e4 c6 2. d4 d5 3. e5 Bf5 4. h4 h6 5. g4 Bd7 6. h5 c5 7. c3 Nc6 8. Be3 Qb6 9.
b3 cxd4 10. cxd4 Rc8 11. f4 Nb4 12. Rh2 Qc7 13. f5 Nc2+ 14. Rxc2 Qxc2 15. Qxc2
Rxc2 16. Bd3 Rc8 17. Ne2 e6 18. Nf4 Bb4+ 19. Ke2 Ne7 20. fxe6 Bxe6 21. Nxe6 fxe6
22. a3 Ba5 23. b4 Bb6 24. Nd2 O-O 25. Nb3 Rc3 26. Nc5 Bxc5 27. dxc5 Nc6 28. Kd2
d4 29. Bxd4 Rxd3+ 30. Kxd3 Rd8 31. Kc4 Rxd4+ 32. Kb5 Rxg4 33. Rd1 Rd4 34. Rxd4
Nxd4+ 35. Kc4 Nf3 36. b5 Kf7 0-1

[Event "Fujairah Masters 2012"]
[Site "Fujairah City UAE"]
[Date "2012.11.14"]
[Round "2.17"]
[White "Sandipan, Chanda"]
[Black "Saravanan, V."]
[Result "1-0"]
[WhiteTitle "GM"]
[BlackTitle "IM"]
[WhiteElo "2596"]
[BlackElo "2399"]
[WhiteFideId "5004225"]
[BlackFideId "5000580"]
[EventDate "2012.11.13"]

1. d4 Nf6 2. Nf3 g6 3. Nbd2 Bg7 4. e4 d6 5. Bc4 O-O 6. O-O Nc6 7. Qe2 e5 8. dxe5
dxe5 9. Nb3 Nh5 10. Bg5 Nf4 11. Qe3 Qe8 12. Rad1 Bg4 13. h3 Bxf3 14. Qxf3 Ne6
15. Bxe6 fxe6 16. Qd3 Nd4 17. c3 Nxb3 18. axb3 Qc6 19. b4 Bf6 20. b5 Qc5 21. Be3
Qe7 22. Qc4 b6 23. Qc6 Rad8 24. Rxd8 Rxd8 25. Ra1 Rd6 26. Qc4 c5 27. bxc6 Qc7
28. Rxa7 1-0

[Event "Fujairah Masters 2012"]
[Site "Fujairah City UAE"]
[Date "2012.11.14"]
[Round "2.18"]
[White "Akshat, Khamparia"]
[Black "Ni, Hua"]
[Result "0-1"]
[WhiteTitle "IM"]
[BlackTitle "GM"]
[WhiteElo "2398"]
[BlackElo "2681"]
[WhiteFideId "5016541"]
[BlackFideId "8601160"]
[EventDate "2012.11.13"]

1. d4 d5 2. c4 c6 3. Nf3 Nf6 4. Nc3 dxc4 5. a4 Bf5 6. e3 e6 7. Bxc4 Bb4 8. O-O
Nbd7 9. Nh4 O-O 10. Nxf5 exf5 11. Qc2 Nb6 12. Ba2 Qd7 13. Bb1 g6 14. a5 Nbd5 15.
f3 Rfe8 16. Re1 c5 17. e4 cxd4 18. Nxd5 Nxd5 19. Rd1 fxe4 20. fxe4 Nf6 21. Qa4
Qd6 22. e5 Qxe5 23. Qxb4 Ng4 24. g3 Qh5 25. Qd2 Nxh2 26. Ra3 Re2 27. Qf4 Ng4 0-1

[Event "Fujairah Masters 2012"]
[Site "Fujairah City UAE"]
[Date "2012.11.14"]
[Round "2.19"]
[White "Arjun, Bharat"]
[Black "Ashwin, Jayaram"]
[Result "0-1"]
[WhiteTitle "CM"]
[BlackTitle "IM"]
[WhiteElo "2287"]
[BlackElo "2488"]
[WhiteFideId "5032725"]
[BlackFideId "5018137"]
[EventDate "2012.11.13"]

1. Nf3 Nf6 2. c4 e6 3. g3 d5 4. Bg2 dxc4 5. Qa4+ c6 6. Qxc4 b5 7. Qb3 Bb7 8. O-O
a6 9. a4 Nbd7 10. d4 c5 11. axb5 Bd5 12. Qd3 Be4 13. Qc4 Bd5 14. Qd3 c4 15. Qc2
axb5 16. Rxa8 Qxa8 17. Nc3 Bc6 18. d5 Bxd5 19. Nxb5 Qb7 20. Nc3 Bc6 21. Ne1 Bb4
22. Bxc6 Qxc6 23. Ng2 O-O 24. Rd1 h6 25. Rd4 Bc5 26. Rh4 Ne5 27. Ne4 Be7 28.
Nxf6+ Bxf6 29. Re4 Ra8 30. Ne3 Ra1 31. f4 Rxc1+ 32. Qxc1 Qxe4 33. fxe5 Bg5 34.
Kf2 Qxe5 35. Qc3 Bxe3+ 36. Qxe3 Qxb2 37. Qe4 Qb6+ 38. Ke1 c3 39. Qa8+ Kh7 40.
Qe4+ f5 0-1

[Event "Fujairah Masters 2012"]
[Site "Fujairah City UAE"]
[Date "2012.11.14"]
[Round "2.20"]
[White "Bakre, Tejas"]
[Black "Salih, Akar Ali Salih"]
[Result "1-0"]
[WhiteTitle "GM"]
[BlackTitle "FM"]
[WhiteElo "2481"]
[BlackElo "2287"]
[WhiteFideId "5004195"]
[BlackFideId "4800575"]
[EventDate "2012.11.13"]

1. c4 c6 2. d4 d5 3. Nf3 Nf6 4. Nc3 e6 5. e3 Nbd7 6. Bd3 dxc4 7. Bxc4 b5 8. Bd3
Bb7 9. O-O a6 10. e4 c5 11. d5 c4 12. Bc2 Qb6 13. b3 cxb3 14. Bxb3 e5 15. Be3
Bc5 16. Bxc5 Qxc5 17. Rc1 Qd6 18. Qe2 O-O 19. Rc2 Rac8 20. Rfc1 Rc5 21. Ne1 Rfc8
22. Nd3 R5c7 23. Qe3 g6 24. f3 Nb6 25. f4 exf4 26. Qd4 Ng4 27. e5 Qd8 28. Qxb6
Qh4 29. h3 Ne3 30. Rf2 Rxc3 31. Rxc3 Rxc3 32. Qxb7 Rxd3 33. e6 fxe6 34. dxe6 1-0

[Event "Fujairah Masters 2012"]
[Site "Fujairah City UAE"]
[Date "2012.11.14"]
[Round "2.21"]
[White "Elarbi, Abobker"]
[Black "Satyapragyan, Swayangsu"]
[Result "1/2-1/2"]
[BlackTitle "IM"]
[WhiteElo "2272"]
[BlackElo "2474"]
[WhiteFideId "9200355"]
[BlackFideId "5004306"]
[EventDate "2012.11.13"]

1. d4 Nf6 2. Nf3 c5 3. g3 cxd4 4. Nxd4 Nc6 5. Bg2 Qb6 6. Nxc6 bxc6 7. O-O g6 8.
b3 Bg7 9. Bb2 O-O 10. c4 a5 11. Nc3 d6 12. Qc2 Bf5 13. e4 Be6 14. Na4 Qc7 15.
Rfe1 Nd7 16. Bxg7 Kxg7 17. c5 Nxc5 18. Nxc5 dxc5 19. Qxc5 Qa7 20. Qe5+ Kg8 21.
Rac1 Rfd8 22. Qf4 Qd4 23. Bf1 Qd2 24. Qxd2 Rxd2 25. Be2 Rad8 26. Kg2 1/2-1/2

[Event "Fujairah Masters 2012"]
[Site "Fujairah City UAE"]
[Date "2012.11.14"]
[Round "2.22"]
[White "Mohannad, Farhan"]
[Black "Atabayev, Maksat"]
[Result "0-1"]
[WhiteTitle "FM"]
[BlackTitle "FM"]
[WhiteElo "2257"]
[BlackElo "2446"]
[WhiteFideId "8100918"]
[BlackFideId "14001101"]
[EventDate "2012.11.13"]

1. e4 c5 2. Nf3 d6 3. d4 cxd4 4. Nxd4 Nf6 5. Nc3 a6 6. Bg5 Nbd7 7. f4 Qc7 8. Qf3
h6 9. Bh4 g5 10. fxg5 hxg5 11. Bxg5 Qc5 12. Nf5 e6 13. Bxf6 Nxf6 14. Ng3 Qg5 15.
Be2 Nd7 16. Nh5 Ne5 17. Qh3 Be7 18. O-O Bd7 19. Rad1 O-O-O 20. b4 Rh6 21. b5
axb5 22. Rb1 Rdh8 23. Nxb5 Rxh5 24. Bxh5 Qxh5 25. Qc3+ Nc6 26. h3 Qc5+ 27. Qxc5
dxc5 28. Rxf7 c4 29. a4 Bc5+ 30. Kh2 Ne5 31. Rg7 Bf8 32. Rg5 Bh6 33. Nd6+ Kc7
34. Rxe5 Bf4+ 35. g3 Bxe5 36. Nxc4 Bd4 37. a5 Bc6 38. Rf1 Rh7 39. Rf4 e5 40. Rg4
Rf7 41. c3 Bxc3 42. Ne3 Bxa5 43. h4 Bb6 44. Nc4 Bd4 45. h5 b5 46. Nxe5 Bxe5 47.
Rg5 Kd6 48. h6 Bd7 49. Kg2 Rh7 50. Rg6+ Be6 51. g4 b4 52. Kf2 b3 53. Ke2 0-1

[Event "Fujairah Masters 2012"]
[Site "Fujairah City UAE"]
[Date "2012.11.14"]
[Round "2.23"]
[White "Ankit, R. Rajpara"]
[Black "AlHuwar, Jasem"]
[Result "1-0"]
[WhiteTitle "IM"]
[BlackTitle "FM"]
[WhiteElo "2423"]
[BlackElo "2275"]
[WhiteFideId "5023335"]
[BlackFideId "9300465"]
[EventDate "2012.11.13"]

1. e4 e6 2. d4 d5 3. Nd2 dxe4 4. Nxe4 Nd7 5. Nf3 Ngf6 6. Nxf6+ Nxf6 7. c3 c5 8.
Bd3 cxd4 9. Nxd4 Be7 10. O-O O-O 11. Qe2 Qc7 12. Bg5 Nd5 13. Bxe7 Qxe7 14. Qe5
Qf6 15. Qe4 g6 16. Nf3 Qf4 17. Ne5 f6 18. Nc4 Bd7 19. Rfe1 Qc7 20. Ne3 Nf4 21.
Bf1 Rae8 22. g3 Nh5 23. Bg2 b6 24. Rad1 Bc8 25. Rd2 e5 26. Red1 Be6 27. Rd6 Ng7
28. Qa4 f5 29. Rd7 Bxd7 30. Rxd7 Qb8 31. Rb7 Qd8 32. Qxa7 Ne6 33. Bd5 Qf6 34.
Bxe6+ 1-0

[Event "Fujairah Masters 2012"]
[Site "Fujairah City UAE"]
[Date "2012.11.14"]
[Round "2.24"]
[White "Odeev, Handszar"]
[Black "Mariano, Nelson III"]
[Result "1-0"]
[WhiteTitle "GM"]
[WhiteElo "2402"]
[BlackElo "2270"]
[WhiteFideId "14000091"]
[BlackFideId "5201748"]
[EventDate "2012.11.13"]

1. e4 c5 2. Nf3 Nc6 3. Bb5 Nf6 4. e5 Nd5 5. O-O Nc7 6. a4 g6 7. c3 Bg7 8. d4
cxd4 9. cxd4 O-O 10. Bf4 Nd5 11. Bg3 d6 12. exd6 exd6 13. Nc3 Ndb4 14. d5 Ne5
15. Nxe5 dxe5 16. Qb3 a5 17. Rad1 Bf5 18. Rd2 Qb6 19. Rfd1 Bh6 20. Bxe5 Bxd2 21.
Rxd2 Rad8 22. h3 h5 23. Qc4 Bd7 24. Bc7 Bxb5 25. axb5 Qf6 26. Bxa5 Rc8 27. Qd4
Qxd4 28. Rxd4 Nc2 29. Rd1 f6 30. d6 Kf7 31. d7 Rcd8 32. Bxd8 Rxd8 33. Na4 Ke6
34. Nc5+ Ke7 35. b6 Nb4 36. Re1+ Kf7 37. Nxb7 Rxd7 38. Nc5 Rd4 39. Ra1 Nc6 40.
b7 Rb4 41. Ra6 Nb8 42. Ra8 Nd7 43. Nxd7 Rxb7 44. Nc5 Rxb2 45. Ra7+ Kg8 46. Ne4 1-0

[Event "Fujairah Masters 2012"]
[Site "Fujairah City UAE"]
[Date "2012.11.14"]
[Round "2.25"]
[White "Ben Nasser, Khaled"]
[Black "Anurag, Mhamal"]
[Result "0-1"]
[WhiteTitle "FM"]
[BlackTitle "FM"]
[WhiteElo "2215"]
[BlackElo "2392"]
[WhiteFideId "9200223"]
[BlackFideId "5024366"]
[EventDate "2012.11.13"]

1. d4 Nf6 2. Nf3 d5 3. c4 c6 4. Nc3 dxc4 5. a4 Bf5 6. Ne5 Nbd7 7. Nxc4 Qc7 8. g3
e5 9. dxe5 Nxe5 10. Bf4 Nfd7 11. Qd4 f6 12. Rd1 Bc5 13. Bxe5 fxe5 14. Nd6+ Qxd6
15. Qxd6 Bxd6 16. Rxd6 Ke7 17. Rd2 a5 18. e4 Be6 19. Be2 Nc5 20. O-O Rhd8 21.
Rc2 Bb3 22. Rcc1 Rd2 23. Bd1 Bc4 24. Ne2 Bxe2 25. Bxe2 Nxa4 26. Bf3 Nxb2 27. Rc3
a4 28. Ra1 Rd3 29. Rcc1 a3 30. Be2 Rd4 31. f3 Kd6 32. Ra2 b5 0-1

[Event "Fujairah Masters 2012"]
[Site "Fujairah City UAE"]
[Date "2012.11.14"]
[Round "2.26"]
[White "Sagar, Shah"]
[Black "Ozolins, Aris"]
[Result "1-0"]
[BlackTitle "FM"]
[WhiteElo "2379"]
[BlackElo "2229"]
[WhiteFideId "5022509"]
[BlackFideId "11601671"]
[EventDate "2012.11.13"]

1. c4 e5 2. g3 Nc6 3. Nc3 Bc5 4. Bg2 a6 5. e3 Nge7 6. Nge2 Ba7 7. O-O d6 8. Rb1
O-O 9. b4 Ng6 10. a4 Rb8 11. b5 Nce7 12. a5 b6 13. Ra1 bxa5 14. Rxa5 Bb6 15. Ra1
axb5 16. Nxb5 Bb7 17. Bxb7 Rxb7 18. Ba3 Qd7 19. Nec3 Qc6 20. d3 f5 21. Qe2 f4
22. exf4 exf4 23. Qe6+ Kh8 24. Ne4 fxg3 25. hxg3 h6 26. Bb2 Rbb8 27. Kg2 Kh7 28.
Bd4 Rf5 29. Bxb6 Qxb6 30. Rab1 d5 31. Qxb6 Rxb6 32. Nec3 dxc4 33. dxc4 Rc5 34.
Na4 Rxc4 35. Nxb6 cxb6 36. Rfe1 Nd5 37. Nd6 Rc6 38. Nf5 Rc5 39. Ne3 Nxe3+ 40.
Rxe3 b5 41. Reb3 Ne7 42. Rxb5 Rxb5 43. Rxb5 Ng8 44. Kf3 Nf6 45. Kf4 Kg6 46. g4
Nd7 47. Rd5 Nf6 48. Rd6 Kh7 49. Kf5 Ng8 50. Re6 g6+ 51. Ke5 h5 52. gxh5 gxh5 53.
Kf5 Nh6+ 54. Kg5 Ng4 55. f4 1-0

[Event "Fujairah Masters 2012"]
[Site "Fujairah City UAE"]
[Date "2012.11.14"]
[Round "2.27"]
[White "Salem, Mahjob"]
[Black "Udeshi, Aditya"]
[Result "0-1"]
[BlackTitle "IM"]
[WhiteElo "2200"]
[BlackElo "2368"]
[WhiteFideId "9202110"]
[BlackFideId "5021740"]
[EventDate "2012.11.13"]

1. e4 c5 2. Nf3 d6 3. d4 cxd4 4. Nxd4 Nf6 5. Nc3 a6 6. f3 e5 7. Nb3 Be7 8. Be3
Be6 9. Nd5 Bxd5 10. exd5 O-O 11. Qd2 Nbd7 12. O-O-O a5 13. Kb1 a4 14. Nc1 a3 15.
b3 e4 16. f4 Ng4 17. Bd4 Bf6 18. h3 e3 19. Bxe3 Nxe3 20. Qxe3 Re8 21. Qd2 Nc5
22. Bd3 Qb6 23. c4 Na4 24. Kc2 Bc3 25. Bxh7+ Kh8 26. Qd3 Qf2+ 27. Rd2 Bxd2 28.
Qxd2 Qxd2+ 29. Kxd2 Kxh7 30. bxa4 Rxa4 31. Nd3 Rxc4 32. Rb1 Rec8 33. Rxb7 Rc2+
34. Ke3 Rxa2 35. Ra7 Ra1 36. Rxf7 a2 37. Ra7 Rc3 0-1

[Event "Fujairah Masters 2012"]
[Site "Fujairah City UAE"]
[Date "2012.11.14"]
[Round "2.28"]
[White "Omar, Noaman"]
[Black "Asabri, Hussien"]
[Result "1-0"]
[WhiteTitle "IM"]
[BlackTitle "FM"]
[WhiteElo "2313"]
[BlackElo "2202"]
[WhiteFideId "9300244"]
[BlackFideId "9200177"]
[EventDate "2012.11.13"]

1. d4 Nf6 2. c4 c5 3. d5 g6 4. Nc3 Bg7 5. e4 d6 6. h3 b5 7. cxb5 a6 8. Nf3 O-O
9. a4 axb5 10. Bxb5 Ba6 11. Bxa6 Nxa6 12. O-O Nb4 13. Bg5 h6 14. Be3 Kh7 15. Rc1
Qa5 16. Qd2 c4 17. Bd4 Nd3 18. Rb1 Nc5 19. Qe2 Rfc8 20. Rfd1 Nb3 21. Bxf6 exf6
22. h4 h5 1-0

[Event "Fujairah Masters 2012"]
[Site "Fujairah City UAE"]
[Date "2012.11.15"]
[Round "3.1"]
[White "Sumets, Andrey"]
[Black "Tkachiev, Vladislav"]
[Result "1/2-1/2"]
[WhiteTitle "GM"]
[BlackTitle "GM"]
[WhiteElo "2622"]
[BlackElo "2659"]
[WhiteFideId "14105500"]
[BlackFideId "618438"]
[EventDate "2012.11.13"]

1. d4 Nf6 2. c4 g6 3. Nc3 Bg7 4. e4 d6 5. Nf3 O-O 6. Be2 e5 7. O-O c6 8. d5 Na6
9. Ne1 Nc5 10. f3 a5 11. Be3 cxd5 12. cxd5 Ne8 13. Nd3 b6 14. b4 Nxd3 15. Bxd3
axb4 16. Na4 b5 17. Bxb5 Qa5 18. Bc6 Rb8 19. Nb2 Ba6 20. Re1 f5 21. Qa4 Qxa4 22.
Nxa4 fxe4 23. fxe4 Nf6 24. Bb6 Rf7 1/2-1/2

[Event "Fujairah Masters 2012"]
[Site "Fujairah City UAE"]
[Date "2012.11.15"]
[Round "3.2"]
[White "Ganguly, Surya Shekhar"]
[Black "Zherebukh, Yaroslav"]
[Result "1-0"]
[WhiteTitle "GM"]
[BlackTitle "GM"]
[WhiteElo "2619"]
[BlackElo "2627"]
[WhiteFideId "5002150"]
[BlackFideId "14116804"]
[EventDate "2012.11.13"]

1. d4 d5 2. c4 c6 3. Nc3 Nf6 4. e3 e6 5. Nf3 Nbd7 6. Bd3 dxc4 7. Bxc4 b5 8. Bd3
Bd6 9. O-O O-O 10. Qc2 Bb7 11. a3 Rc8 12. b4 c5 13. bxc5 Bxf3 14. cxd6 Nd5 15.
gxf3 Nxc3 16. f4 Nf6 17. Qb2 a6 18. Bd2 Na4 19. Qb1 Nc3 20. Qb2 Na4 21. Qb1 Nc3
22. Qb3 Nfe4 23. Be1 Qf6 24. Kh1 Qf5 25. Bxc3 Nxf2+ 26. Rxf2 Qxd3 27. Rc1 Qxe3
28. Qb2 Rfd8 29. Rg2 Qxf4 30. Rcg1 g6 31. Bb4 Rc4 32. Qd2 Qe4 33. Qg5 Rd7 34.
Qe5 Qxd4 35. Qxd4 Rxd4 36. Rc2 Rc4 37. Rxc4 bxc4 38. Rc1 a5 39. Bc5 f5 40. Rxc4
e5 41. Ra4 Kf7 42. Rxa5 Ke6 43. Rb5 e4 44. Kg2 f4 45. a4 Kd5 46. Be3+ Kxd6 47.
Bxf4+ Kc6 48. Rb4 1-0

[Event "Fujairah Masters 2012"]
[Site "Fujairah City UAE"]
[Date "2012.11.15"]
[Round "3.3"]
[White "Jobava, Baadur"]
[Black "Yu, Ruiyuan"]
[Result "1-0"]
[WhiteTitle "GM"]
[BlackTitle "GM"]
[WhiteElo "2710"]
[BlackElo "2538"]
[WhiteFideId "13601520"]
[BlackFideId "8603090"]
[EventDate "2012.11.13"]

1. b3 d5 2. Bb2 Nf6 3. e3 Bg4 4. f3 Bf5 5. g4 Bg6 6. h4 h5 7. g5 Ng8 8. Ne2 e6
9. Nf4 Bf5 10. Nc3 Ne7 11. Nce2 Qd6 12. Ng3 d4 13. Nfe2 dxe3 14. dxe3 Bg6 15.
Qxd6 cxd6 16. O-O-O Nbc6 17. e4 O-O-O 18. f4 Kc7 19. Bh3 e5 20. f5 Bh7 21. c4 f6
22. g6 Bg8 23. Nf1 Nb4 24. Kb1 Na6 25. Ne3 Nc5 26. Bg2 a6 27. Nc3 Rb8 28. Rd2 b5
29. cxb5 axb5 30. b4 Na4 31. Nxa4 bxa4 32. Rc1+ Kd7 33. a3 Bb3 34. Bf1 d5 35.
exd5 Nc8 36. Nc4 Bxc4 37. Rxc4 Nd6 38. Rc6 Be7 39. Rdc2 Rhc8 40. Bc1 Rxc6 41.
Rxc6 Kd8 42. Be3 Rc8 43. b5 Ne4 44. Kb2 Bc5 45. Bxc5 Nxc5 46. b6 e4 47. Kc3 Nd7
48. b7 Rc7 49. Rxc7 Kxc7 50. Bb5 Ne5 51. Bc6 e3 52. d6+ Kb8 53. Bd5 Ka7 54. Kc2 1-0

[Event "Fujairah Masters 2012"]
[Site "Fujairah City UAE"]
[Date "2012.11.15"]
[Round "3.4"]
[White "Guseinov, Gadir"]
[Black "Bacrot, Etienne"]
[Result "1/2-1/2"]
[WhiteTitle "GM"]
[BlackTitle "GM"]
[WhiteElo "2621"]
[BlackElo "2702"]
[WhiteFideId "13401378"]
[BlackFideId "605506"]
[EventDate "2012.11.13"]

1. e4 e5 2. Nf3 Nc6 3. Bb5 Nf6 4. O-O Nxe4 5. Re1 Nd6 6. Nxe5 Be7 7. Bf1 Nxe5 8.
Rxe5 O-O 9. Nc3 Ne8 10. Nd5 Bd6 11. Re1 c6 12. Ne3 Bc7 13. Nf5 d5 14. Ne7+ Kh8
15. Nxc8 Rxc8 16. d3 Qf6 17. Qg4 Bb6 18. Re2 Nc7 19. c3 Rce8 20. Qg5 Qxg5 21.
Bxg5 Rxe2 22. Bxe2 Re8 23. Kf1 Ne6 24. Bd2 Bc7 25. g3 g6 26. b4 a6 27. d4 Kg7
28. Rb1 f5 29. a4 Kf7 30. Bd3 h5 1/2-1/2

[Event "Fujairah Masters 2012"]
[Site "Fujairah City UAE"]
[Date "2012.11.15"]
[Round "3.5"]
[White "Moiseenko, Alexander"]
[Black "Lupulescu, Constantin"]
[Result "1-0"]
[WhiteTitle "GM"]
[BlackTitle "GM"]
[WhiteElo "2702"]
[BlackElo "2622"]
[WhiteFideId "14102560"]
[BlackFideId "1207822"]
[EventDate "2012.11.13"]

1. d4 Nf6 2. c4 e6 3. Nf3 c5 4. d5 d6 5. Nc3 g6 6. e4 Bg7 7. h3 O-O 8. Bd3 exd5
9. exd5 Re8+ 10. Be3 Bh6 11. O-O Bxe3 12. fxe3 Nbd7 13. Qd2 Rf8 14. Rf2 Qe7 15.
Raf1 Ne8 16. e4 Ne5 17. Be2 Bd7 18. Qf4 Kg7 19. Nd1 Nxf3+ 20. Rxf3 Qe5 21. Qh4
Nc7 22. Kh1 Rae8 23. Bd3 b5 24. Ne3 a6 25. Rf6 Re7 26. Nf5+ Bxf5 27. R6xf5 1-0

[Event "Fujairah Masters 2012"]
[Site "Fujairah City UAE"]
[Date "2012.11.15"]
[Round "3.6"]
[White "Andriasian, Zaven"]
[Black "Kryvoruchko, Yuriy"]
[Result "1/2-1/2"]
[WhiteTitle "GM"]
[BlackTitle "GM"]
[WhiteElo "2604"]
[BlackElo "2679"]
[WhiteFideId "13302000"]
[BlackFideId "14109182"]
[EventDate "2012.11.13"]

1. e4 e5 2. Nf3 Nc6 3. Bc4 Bc5 4. c3 Nf6 5. d3 a6 6. O-O Ba7 7. Bb3 d6 8. Be3
O-O 9. Nbd2 Ne7 10. Nh4 Bxe3 11. fxe3 Be6 12. Qf3 a5 13. Nf5 Nd7 14. d4 a4 15.
Bc2 f6 16. Qg4 Bxf5 17. exf5 d5 18. Rf3 e4 19. Rh3 Rf7 20. Nf1 Nf8 21. Ng3 Qd7
22. Rf1 Ra6 23. Bd1 Nc8 24. c4 c6 25. b3 b5 26. c5 axb3 27. Bxb3 Ra3 28. Nxe4
dxe4 29. Qxe4 Ne7 30. Qc2 h6 31. Rhf3 Nc8 32. Qb2 Ra7 33. e4 Kh7 34. Bxf7 Qxf7
35. Ra3 Rxa3 36. Qxa3 Qc4 37. Qb2 Qd3 38. Re1 Ne7 39. Kf2 Nd7 40. Re3 Qd1 41.
Re2 Qd3 42. Qd2 Qc4 43. Re3 Qa4 44. Rb3 Qa7 45. g3 g6 46. g4 Kg7 47. Kg2 Qa4 48.
Rh3 Ng8 49. Re3 Ne7 50. h4 Kf8 51. Rf3 Kg7 52. Kh3 Qc4 53. Kg2 Qa4 54. Rg3 Qc4
55. h5 gxf5 56. gxf5+ Kf7 57. a3 Nxc5 58. dxc5 Qxe4+ 59. Kg1 Nd5 60. Qg2 Qd4+
61. Kh2 Qf4 62. Kg1 Qd4+ 63. Kh2 Qf4 64. Qf3 Qh4+ 65. Rh3 Qd4 66. Rg3 Qh4+ 1/2-1/2

[Event "Fujairah Masters 2012"]
[Site "Fujairah City UAE"]
[Date "2012.11.15"]
[Round "3.7"]
[White "Solak, Dragan"]
[Black "Petrosian, Tigran L."]
[Result "1/2-1/2"]
[WhiteTitle "GM"]
[BlackTitle "GM"]
[WhiteElo "2597"]
[BlackElo "2659"]
[WhiteFideId "916811"]
[BlackFideId "13301616"]
[EventDate "2012.11.13"]

1. e4 e5 2. Nf3 Nc6 3. Bb5 Nf6 4. O-O Nxe4 5. Re1 Nd6 6. Nxe5 Be7 7. Bf1 Nxe5 8.
Rxe5 O-O 9. d4 Bf6 10. Re1 Re8 11. c3 Rxe1 12. Qxe1 Ne8 13. Bf4 d5 14. Bd3 g6
15. Nd2 Ng7 16. Nf1 Bf5 17. Bxf5 Nxf5 18. Ne3 Nxe3 19. Qxe3 Qd7 20. Re1 h5 21.
h3 c6 22. Bg5 Bxg5 23. Qxg5 Re8 24. Re5 Rxe5 25. Qxe5 Qd8 26. f4 f6 27. Qe6+ Kf8
28. Kf2 Qe7 29. Qxe7+ Kxe7 30. g4 hxg4 31. hxg4 1/2-1/2

[Event "Fujairah Masters 2012"]
[Site "Fujairah City UAE"]
[Date "2012.11.15"]
[Round "3.10"]
[White "Parligras, Mircea-Emilian"]
[Black "Ghaem Maghami, Ehsan"]
[Result "1/2-1/2"]
[WhiteTitle "GM"]
[BlackTitle "GM"]
[WhiteElo "2635"]
[BlackElo "2559"]
[WhiteFideId "1204297"]
[BlackFideId "12500739"]
[EventDate "2012.11.13"]

1. d4 Nf6 2. c4 e6 3. Nf3 Bb4+ 4. Nbd2 O-O 5. a3 Bxd2+ 6. Qxd2 b6 7. e3 Bb7 8.
Be2 Ne4 9. Qc2 Ng5 10. Nd2 f5 11. f3 a5 12. b3 Qe7 13. Bb2 c5 14. Bd3 d6 15.
O-O-O cxd4 16. exd4 d5 17. h4 Nf7 18. g4 a4 19. gxf5 axb3 20. Qxb3 Nd6 21. Kb1
Nxf5 22. Rde1 Nd7 23. cxd5 Bxd5 24. Bc4 Nf6 25. Re5 Qd7 26. Rhe1 Nd6 27. Bxd5
exd5 28. Re7 Qb5 29. Qxb5 Nxb5 30. R1e6 Nxa3+ 31. Bxa3 Rxa3 32. Rxb6 Rd3 33. Nb3
Rxf3 34. Rbb7 Nh5 35. Re5 Nf6 36. Re1 Rg3 37. Nc5 Ne8 38. Re2 Nd6 39. Rd7 Nb5
40. Rd2 Na3+ 41. Ka2 Ra8 42. Rd3 Nc4+ 43. Kb1 Rg1+ 44. Kc2 Ra2+ 45. Kc3 Rc1+ 46.
Kb4 Rb1+ 47. Rb3 Rxb3+ 48. Kxb3 1/2-1/2